000 00930cam a2200289 4500
008 000000n1999 000 0 eng u
020 _a187426645X
035 _a(Sirsi) u109212
050 _a690
110 _aInstitution of Structural Engineers
_9441
245 _aTemporary demountable structures: guidance on procurement , design and use.
250 _a2nd ed.
260 _aLondon
_bInstitution of Structural Engineers
_c1999
300 _a116p. : ill. ; 30cm.
350 _a35.00
520 _aReport prepared by the ISE in association with the Temporary Demountable Structures Implementation Monitoring Group chaired by Dr. S. Thorburn.
650 _aTEMPORARY BUILDINGS
650 _aHAZARDS
650 _aRISKS
650 _aSPORTS GROUNDS
650 _aGRANDSTANDS
650 _aSTAGES
650 _aTENTS
650 _aMARQUEES
690 _aBUILT ENVIRONMENT-CONSTRUCTION DESIGN
942 _n0
999 _c100902
_d100902